00456 2200193 4500001002100000005001500021008004100036020001800077035001900095041000700114082001000121090001600131100001700147245001900164260002700183300002400210500001100234650001700245INLIS00000000000260120241224112552241224||||||||| | ||| |||| || |  a979-1471-27-4 0010-1224002601 aid0 a640.4 a640.4 PEN k0 aPeni Respati00aKreasi Cokelat aJakartabDeMediac2008 a64 hlm;17.5 x 24 cm aCet. 1 0aIlmu Terapan